[Event "45th FIDE Chess Olympiad Open"]
[Site "Budapest, Hungary"]
[Date "2024.09.21"]
[Round "10"]
[White "Sadek, Sameh"]
[Black "Montevilla Cahuasa, Jonathan I."]
[Result "1-0"]
[Board "124"]
[WhiteFideId "10602771"]
[BlackFideId "3322220"]
[WhiteTitle "FM"]
[WhiteElo "2269"]
[BlackElo "2064"]
[WhiteTeam "Egypt"]
[BlackTeam "Bolivia"]
[WhiteClock "0:19:19"]
[BlackClock "0:14:01"]
[Variant "Standard"]

1. Nf3 {[%clk 1:30:49]}  Nf6 {[%clk 1:30:48]} 2. d4 {[%clk 1:31:07]}  e6 {[%clk 1:31:07]} 3. e3 {[%clk 1:31:30]}  b6 {[%clk 1:30:39]} 4. Bd3 {[%clk 1:31:48]}  Bb7 {[%clk 1:30:10]} 5. Nbd2 {[%clk 1:31:49]}  d5 {[%clk 1:29:19]} 6. O-O {[%clk 1:31:57]}  Be7 {[%clk 1:25:58]} 7. c4 {[%clk 1:31:36]}  O-O {[%clk 1:23:30]} 8. b3 {[%clk 1:29:12]}  c5 {[%clk 1:20:28]} 9. dxc5 {[%clk 1:28:47]}  Bxc5 {[%clk 1:19:38]} 10. Bb2 {[%clk 1:28:43]}  h6 {[%clk 1:14:41]} 11. a3 {[%clk 1:28:09]}  a5 {[%clk 1:14:40]} 12. Qe2 {[%clk 1:28:30]}  Nbd7 {[%clk 1:03:52]} 13. Rfd1 {[%clk 1:24:39]}  Qe7 {[%clk 0:52:42]} 14. cxd5 {[%clk 1:24:37]}  Nxd5 {[%clk 0:52:32]} 15. Ne4 {[%clk 1:24:33]}  N5f6 {[%clk 0:49:03]} 16. Nxc5 {[%clk 1:24:17]}  Nxc5 {[%clk 0:49:26]} 17. Bc4 {[%clk 1:23:14]}  Rfd8 {[%clk 0:49:06]} 18. Nd4 {[%clk 1:17:20]}  Rac8 {[%clk 0:46:13]} 19. Rac1 {[%clk 1:13:03]}  Nd5 {[%clk 0:42:23]} 20. e4 {[%clk 1:07:37]}  Nf4 {[%clk 0:36:50]} 21. Qg4 {[%clk 1:06:18]}  Ng6 {[%clk 0:29:46]} 22. Nf5 {[%clk 0:54:10]}  Qg5 {[%clk 0:21:22]} 23. Qxg5 {[%clk 0:54:24]}  Rxd1+ {[%clk 0:21:23]} 24. Rxd1 {[%clk 0:54:31]}  hxg5 {[%clk 0:21:50]} 25. Nxg7 {[%clk 0:46:05]}  Bxe4 {[%clk 0:21:21]} 26. Nh5 {[%clk 0:33:10]}  Bc2 {[%clk 0:18:58]} 27. Nf6+ {[%clk 0:28:21]}  Kf8 {[%clk 0:18:22]} 28. Nh7+ {[%clk 0:26:23]}  Kg8 {[%clk 0:18:08]} 29. Nf6+ {[%clk 0:26:40]}  Kf8 {[%clk 0:18:36]} 30. Rd6 {[%clk 0:27:04]}  b5 {[%clk 0:11:54]} 31. Bxb5 {[%clk 0:26:28]}  Bxb3 {[%clk 0:12:17]} 32. Nh7+ {[%clk 0:23:04]}  Ke7 {[%clk 0:12:40]} 33. Rb6 {[%clk 0:23:16]}  e5 {[%clk 0:08:10]} 34. Nxg5 {[%clk 0:22:39]}  Rd8 {[%clk 0:08:05]} 35. h4 {[%clk 0:22:04]}  Rd1+ {[%clk 0:07:45]} 36. Kh2 {[%clk 0:22:28]}  Rd2 {[%clk 0:08:08]} 37. Bc1 {[%clk 0:07:45]}  Rc2 {[%clk 0:07:24]} 38. Be3 {[%clk 0:06:39]}  Nxh4 {[%clk 0:07:48]} 39. Nh7 {[%clk 0:05:16]}  Ne6 {[%clk 0:06:17]} 40. Rb7+ {[%clk 0:05:23]}  Rc7 {[%clk 0:06:38]} 41. Bc5+ {[%clk 0:05:22]}  Kd8 {[%clk 0:05:40]} 42. Rb8+ {[%clk 0:04:32]}  Rc8 {[%clk 0:06:03]} 43. Bb6+ {[%clk 0:00:45]}  Nc7 {[%clk 0:06:20]} 44. Rb7 {[%clk 0:01:06]}  Nf5 {[%clk 0:28:51]} 45. Ra7 {[%clk 0:30:59]}  Nd4 {[%clk 0:29:03]} 46. a4 {[%clk 0:21:45]}  Nde6 {[%clk 0:27:30]} 47. Nf6 {[%clk 0:21:07]}  Ke7 {[%clk 0:26:36]} 48. Ne8 {[%clk 0:21:23]}  Rxe8 {[%clk 0:24:32]} 49. Bxe8 {[%clk 0:20:29]}  Kxe8 {[%clk 0:24:58]} 50. Bxc7 {[%clk 0:20:54]}  Nxc7 {[%clk 0:25:23]} 51. Rxc7 {[%clk 0:21:03]}  Bxa4 {[%clk 0:25:48]} 52. Ra7 {[%clk 0:20:49]}  Bd7 {[%clk 0:26:04]} 53. Rxa5 {[%clk 0:21:00]}  f6 {[%clk 0:26:29]} 54. Ra7 {[%clk 0:21:11]}  Ke7 {[%clk 0:26:35]} 55. Kg3 {[%clk 0:21:33]}  Ke6 {[%clk 0:27:00]} 56. Kg4 {[%clk 0:20:59]}  Bb5 {[%clk 0:26:25]} 57. Kh5 {[%clk 0:18:06]}  Be2+ {[%clk 0:26:02]} 58. Kg6 {[%clk 0:18:33]}  Bd3 {[%clk 0:26:21]} 59. Kg7 {[%clk 0:18:48]}  f5 {[%clk 0:26:44]} 60. Ra3 {[%clk 0:18:47]}  Bf1 {[%clk 0:25:40]} 61. g3 {[%clk 0:19:06]}  Bg2 {[%clk 0:15:57]} 62. Ra6+ {[%clk 0:17:48]}  Kd5 {[%clk 0:15:47]} 63. Kf6 {[%clk 0:18:14]}  Ke4 {[%clk 0:16:04]} 64. Ra3 {[%clk 0:18:40]}  Bh3 {[%clk 0:13:51]} 65. Re3+ {[%clk 0:18:55]}  Kd4 {[%clk 0:14:01]} 66. Rxe5 {[%clk 0:19:19]} 1-0

[Event "45th FIDE Chess Olympiad Open"]
[Site "Budapest, Hungary"]
[Date "2024.09.21"]
[Round "10"]
[White "Salem, A.R. Saleh"]
[Black "Dardha, Daniel"]
[Result "1/2-1/2"]
[Board "125"]
[WhiteFideId "9301348"]
[BlackFideId "240990"]
[WhiteTitle "GM"]
[BlackTitle "GM"]
[WhiteElo "2631"]
[BlackElo "2603"]
[WhiteTeam "United Arab Emirates"]
[BlackTeam "Belgium"]
[WhiteClock "0:11:00"]
[BlackClock "0:13:44"]
[Variant "Standard"]

1. d4 {[%clk 1:30:41]}  Nf6 {[%clk 1:30:52]} 2. c4 {[%clk 1:31:03]}  e6 {[%clk 1:31:07]} 3. Nc3 {[%clk 1:31:24]}  Bb4 {[%clk 1:31:31]} 4. e3 {[%clk 1:31:43]}  O-O {[%clk 1:31:41]} 5. Bd3 {[%clk 1:32:04]}  d5 {[%clk 1:31:53]} 6. a3 {[%clk 1:32:25]}  Bxc3+ {[%clk 1:32:09]} 7. bxc3 {[%clk 1:32:48]}  dxc4 {[%clk 1:32:32]} 8. Bxc4 {[%clk 1:33:10]}  c5 {[%clk 1:32:46]} 9. Nf3 {[%clk 1:33:06]}  Qc7 {[%clk 1:32:37]} 10. Be2 {[%clk 1:33:15]}  Nc6 {[%clk 1:29:52]} 11. c4 {[%clk 1:33:28]}  Na5 {[%clk 1:21:02]} 12. Qc2 {[%clk 1:32:12]}  cxd4 {[%clk 1:14:26]} 13. exd4 {[%clk 1:32:34]}  b5 {[%clk 1:12:44]} 14. c5 {[%clk 1:32:26]}  a6 {[%clk 1:04:36]} 15. Bg5 {[%clk 1:24:29]}  Nd5 {[%clk 0:59:11]} 16. O-O {[%clk 1:16:34]}  Bb7 {[%clk 0:57:14]} 17. Bd3 {[%clk 1:14:37]}  h6 {[%clk 0:51:28]} 18. Bd2 {[%clk 1:13:04]}  Nf4 {[%clk 0:37:33]} 19. Bh7+ {[%clk 1:09:55]}  Kh8 {[%clk 0:37:08]} 20. Be4 {[%clk 1:10:19]}  Bxe4 {[%clk 0:33:46]} 21. Qxe4 {[%clk 1:10:43]}  Ng6 {[%clk 0:32:34]} 22. Bxa5 {[%clk 1:07:56]}  Qxa5 {[%clk 0:33:00]} 23. Rfc1 {[%clk 1:06:12]}  Rac8 {[%clk 0:31:49]} 24. c6 {[%clk 0:59:35]}  Qd8 {[%clk 0:31:11]} 25. Rc5 {[%clk 0:59:39]}  Qd6 {[%clk 0:28:41]} 26. Rac1 {[%clk 1:00:03]}  Rc7 {[%clk 0:28:02]} 27. h4 {[%clk 0:54:52]}  Rfc8 {[%clk 0:24:18]} 28. Ne5 {[%clk 0:51:54]}  Nxe5 {[%clk 0:21:13]} 29. dxe5 {[%clk 0:52:19]}  Qd2 {[%clk 0:21:27]} 30. R5c2 {[%clk 0:43:48]}  Qa5 {[%clk 0:19:40]} 31. Qb4 {[%clk 0:23:18]}  Qb6 {[%clk 0:16:09]} 32. Qc5 {[%clk 0:12:06]}  Qxc5 {[%clk 0:15:43]} 33. Rxc5 {[%clk 0:12:34]}  Rb8 {[%clk 0:13:44]} 34. g3 {[%clk 0:11:00]} 1/2-1/2

[Event "45th FIDE Chess Olympiad Open"]
[Site "Budapest, Hungary"]
[Date "2024.09.21"]
[Round "10"]
[White "Vandenbussche, Thibaut"]
[Black "Al Hosani, Omran"]
[Result "1-0"]
[Board "126"]
[WhiteFideId "204412"]
[BlackFideId "9308733"]
[WhiteTitle "IM"]
[BlackTitle "IM"]
[WhiteElo "2461"]
[BlackElo "2241"]
[WhiteTeam "Belgium"]
[BlackTeam "United Arab Emirates"]
[WhiteClock "0:22:23"]
[BlackClock "0:31:12"]
[Variant "Standard"]

1. e4 {[%clk 1:30:57]}  c5 {[%clk 1:30:43]} 2. Nf3 {[%clk 1:31:24]}  e6 {[%clk 1:31:03]} 3. c3 {[%clk 1:31:43]}  Nf6 {[%clk 1:31:25]} 4. Bd3 {[%clk 1:32:06]}  d5 {[%clk 1:31:25]} 5. e5 {[%clk 1:32:29]}  Nfd7 {[%clk 1:31:50]} 6. Bc2 {[%clk 1:32:50]}  c4 {[%clk 1:32:11]} 7. d4 {[%clk 1:33:04]}  cxd3 {[%clk 1:32:30]} 8. Bxd3 {[%clk 1:33:31]}  Nc6 {[%clk 1:32:48]} 9. Bf4 {[%clk 1:33:51]}  Qc7 {[%clk 1:32:01]} 10. O-O {[%clk 1:33:25]}  Be7 {[%clk 1:24:23]} 11. Re1 {[%clk 1:32:52]}  h6 {[%clk 1:16:38]} 12. Bg3 {[%clk 1:20:20]}  g5 {[%clk 1:10:34]} 13. Nd4 {[%clk 1:14:47]}  a6 {[%clk 1:09:25]} 14. Nd2 {[%clk 1:05:59]}  h5 {[%clk 1:06:03]} 15. h3 {[%clk 0:56:28]}  Nxd4 {[%clk 1:06:07]} 16. cxd4 {[%clk 0:56:56]}  Qb6 {[%clk 1:06:27]} 17. Nb3 {[%clk 0:52:28]}  Nb8 {[%clk 1:06:35]} 18. Re3 {[%clk 0:44:06]}  Nc6 {[%clk 1:03:59]} 19. Be2 {[%clk 0:44:30]}  h4 {[%clk 1:01:02]} 20. Bh2 {[%clk 0:44:58]}  Bd7 {[%clk 1:01:23]} 21. Rc1 {[%clk 0:45:19]}  a5 {[%clk 0:55:23]} 22. a4 {[%clk 0:33:57]}  Nb4 {[%clk 0:54:25]} 23. Nc5 {[%clk 0:34:04]}  Bxc5 {[%clk 0:49:01]} 24. Rxc5 {[%clk 0:34:33]}  Bc6 {[%clk 0:45:28]} 25. Bb5 {[%clk 0:31:00]}  Na6 {[%clk 0:37:48]} 26. Bxa6 {[%clk 0:27:41]}  Rxa6 {[%clk 0:35:33]} 27. Rb3 {[%clk 0:26:37]}  Qd8 {[%clk 0:35:09]} 28. Rbc3 {[%clk 0:26:01]}  Rb6 {[%clk 0:34:04]} 29. b3 {[%clk 0:26:29]}  Rb4 {[%clk 0:33:59]} 30. Kh1 {[%clk 0:24:09]}  Kd7 {[%clk 0:24:48]} 31. f3 {[%clk 0:23:08]}  Rg8 {[%clk 0:17:38]} 32. Qd3 {[%clk 0:17:17]}  Kc8 {[%clk 0:08:03]} 33. Rb5 {[%clk 0:12:07]}  Kd7 {[%clk 0:07:06]} 34. Rxb4 {[%clk 0:10:02]}  axb4 {[%clk 0:07:29]} 35. Rc1 {[%clk 0:08:48]}  f5 {[%clk 0:06:20]} 36. exf6 {[%clk 0:09:03]}  Qxf6 {[%clk 0:06:41]} 37. Be5 {[%clk 0:06:47]}  Qe7 {[%clk 0:05:50]} 38. Rc5 {[%clk 0:06:11]}  Rc8 {[%clk 0:06:11]} 39. a5 {[%clk 0:05:47]}  Ke8 {[%clk 0:04:26]} 40. Qg6+ {[%clk 0:04:14]}  Qf7 {[%clk 0:03:30]} 41. Qxg5 {[%clk 0:02:47]}  Kd7 {[%clk 0:00:50]} 42. Qd2 {[%clk 0:28:35]}  Qf5 {[%clk 0:30:52]} 43. Rc1 {[%clk 0:25:48]}  Rg8 {[%clk 0:31:04]} 44. a6 {[%clk 0:23:37]}  bxa6 {[%clk 0:30:55]} 45. Qxb4 {[%clk 0:23:41]}  Qf8 {[%clk 0:31:19]} 46. Qb6 {[%clk 0:23:09]}  Qc8 {[%clk 0:31:12]} 47. Qc5 {[%clk 0:22:23]} 1-0

[Event "45th FIDE Chess Olympiad Open"]
[Site "Budapest, Hungary"]
[Date "2024.09.21"]
[Round "10"]
[White "Ammar, Sedrani"]
[Black "Maerevoet, Sim"]
[Result "1/2-1/2"]
[Board "127"]
[WhiteFideId "9312331"]
[BlackFideId "241725"]
[WhiteTitle "FM"]
[BlackTitle "IM"]
[WhiteElo "2226"]
[BlackElo "2432"]
[WhiteTeam "United Arab Emirates"]
[BlackTeam "Belgium"]
[WhiteClock "0:26:29"]
[BlackClock "0:18:48"]
[Variant "Standard"]

1. d4 {[%clk 1:29:47]}  d5 {[%clk 1:30:51]} 2. c4 {[%clk 1:29:51]}  e6 {[%clk 1:31:15]} 3. Nc3 {[%clk 1:29:07]}  Nf6 {[%clk 1:31:38]} 4. cxd5 {[%clk 1:26:04]}  exd5 {[%clk 1:31:50]} 5. Bg5 {[%clk 1:26:14]}  Bb4 {[%clk 1:32:04]} 6. e3 {[%clk 1:26:13]}  h6 {[%clk 1:32:24]} 7. Bh4 {[%clk 1:22:50]}  Bf5 {[%clk 1:31:55]} 8. Bd3 {[%clk 1:20:29]}  Bxd3 {[%clk 1:26:40]} 9. Qxd3 {[%clk 1:20:49]}  O-O {[%clk 1:18:20]} 10. Nf3 {[%clk 1:19:08]}  c6 {[%clk 1:09:18]} 11. O-O {[%clk 1:18:04]}  Nbd7 {[%clk 1:08:43]} 12. a3 {[%clk 1:01:17]}  Be7 {[%clk 1:07:28]} 13. b4 {[%clk 0:58:56]}  a6 {[%clk 1:07:12]} 14. Na4 {[%clk 0:55:20]}  Ne4 {[%clk 1:06:32]} 15. Bxe7 {[%clk 0:55:36]}  Qxe7 {[%clk 1:06:57]} 16. Nc5 {[%clk 0:53:20]}  Nd6 {[%clk 1:02:00]} 17. a4 {[%clk 0:42:26]}  a5 {[%clk 0:52:02]} 18. Rab1 {[%clk 0:39:58]}  axb4 {[%clk 0:51:59]} 19. Nxd7 {[%clk 0:40:19]}  Qxd7 {[%clk 0:52:20]} 20. Rxb4 {[%clk 0:40:29]}  Ra7 {[%clk 0:43:16]} 21. Rfb1 {[%clk 0:39:34]}  Rfa8 {[%clk 0:35:41]} 22. Ne5 {[%clk 0:39:29]}  Qe7 {[%clk 0:35:07]} 23. Qb3 {[%clk 0:38:48]}  h5 {[%clk 0:32:40]} 24. Nd3 {[%clk 0:37:39]}  h4 {[%clk 0:32:38]} 25. h3 {[%clk 0:38:03]}  g6 {[%clk 0:29:57]} 26. Nc5 {[%clk 0:32:37]}  Kg7 {[%clk 0:26:45]} 27. Nxb7 {[%clk 0:27:39]}  Nxb7 {[%clk 0:27:01]} 28. Rxb7 {[%clk 0:28:06]}  Rxb7 {[%clk 0:27:23]} 29. Qxb7 {[%clk 0:28:30]}  Qxb7 {[%clk 0:27:49]} 30. Rxb7 {[%clk 0:28:58]}  Rxa4 {[%clk 0:28:13]} 31. Kf1 {[%clk 0:28:51]}  Ra2 {[%clk 0:26:51]} 32. Rb1 {[%clk 0:27:51]}  Rc2 {[%clk 0:27:14]} 33. Re1 {[%clk 0:27:17]}  g5 {[%clk 0:19:44]} 34. Re2 {[%clk 0:25:10]}  Rc1+ {[%clk 0:19:32]} 35. Re1 {[%clk 0:25:38]}  Rc2 {[%clk 0:19:55]} 36. Re2 {[%clk 0:26:01]}  Rc1+ {[%clk 0:18:25]} 37. Re1 {[%clk 0:26:29]}  Rc2 {[%clk 0:18:48]} 1/2-1/2

[Event "45th FIDE Chess Olympiad Open"]
[Site "Budapest, Hungary"]
[Date "2024.09.21"]
[Round "10"]
[White "Hovhannisyan, Mher"]
[Black "Sultan, Ibrahim"]
[Result "1-0"]
[Board "128"]
[WhiteFideId "13300865"]
[BlackFideId "9301143"]
[WhiteTitle "GM"]
[BlackTitle "IM"]
[WhiteElo "2414"]
[BlackElo "2206"]
[WhiteTeam "Belgium"]
[BlackTeam "United Arab Emirates"]
[WhiteClock "0:02:49"]
[BlackClock "0:15:22"]
[Variant "Standard"]

1. Nf3 {[%clk 1:30:55]}  Nf6 {[%clk 1:30:34]} 2. e3 {[%clk 1:29:55]}  d5 {[%clk 1:27:15]} 3. c4 {[%clk 1:27:18]}  e6 {[%clk 1:27:23]} 4. b3 {[%clk 1:24:46]}  Be7 {[%clk 1:27:26]} 5. Bb2 {[%clk 1:24:50]}  O-O {[%clk 1:27:41]} 6. Nc3 {[%clk 1:20:26]}  c5 {[%clk 1:17:02]} 7. cxd5 {[%clk 1:18:47]}  exd5 {[%clk 1:17:28]} 8. d4 {[%clk 1:18:44]}  Ne4 {[%clk 1:16:30]} 9. Be2 {[%clk 1:10:48]}  Bf6 {[%clk 1:03:15]} 10. O-O {[%clk 1:07:09]}  Nc6 {[%clk 1:03:39]} 11. Na4 {[%clk 1:02:20]}  Bg4 {[%clk 0:48:14]} 12. Rc1 {[%clk 0:45:47]}  cxd4 {[%clk 0:39:55]} 13. Nxd4 {[%clk 0:45:20]}  Bxd4 {[%clk 0:33:02]} 14. Bxg4 {[%clk 0:21:13]}  Bxb2 {[%clk 0:33:26]} 15. Nxb2 {[%clk 0:21:41]}  d4 {[%clk 0:33:05]} 16. exd4 {[%clk 0:20:40]}  Nxd4 {[%clk 0:33:07]} 17. Qd3 {[%clk 0:12:03]}  Nf6 {[%clk 0:26:38]} 18. Rfd1 {[%clk 0:06:59]}  Re8 {[%clk 0:23:52]} 19. Bf3 {[%clk 0:03:03]}  Re7 {[%clk 0:18:31]} 20. h3 {[%clk 0:02:28]}  Nxf3+ {[%clk 0:18:46]} 21. Qxf3 {[%clk 0:02:51]}  Qa5 {[%clk 0:19:10]} 22. a4 {[%clk 0:02:54]}  Rae8 {[%clk 0:19:06]} 23. Nc4 {[%clk 0:02:18]}  Qb4 {[%clk 0:19:28]} 24. Nd6 {[%clk 0:01:28]}  Re1+ {[%clk 0:14:52]} 25. Rxe1 {[%clk 0:01:51]}  Rxe1+ {[%clk 0:15:18]} 26. Rxe1 {[%clk 0:02:20]}  Qxe1+ {[%clk 0:15:40]} 27. Kh2 {[%clk 0:02:45]}  Qe5+ {[%clk 0:16:00]} 28. Qg3 {[%clk 0:03:12]}  Qd5 {[%clk 0:16:21]} 29. Nf5 {[%clk 0:02:26]}  Ne8 {[%clk 0:15:22]} 30. Ne7+ {[%clk 0:02:49]} 1-0

[Event "45th FIDE Chess Olympiad Open"]
[Site "Budapest, Hungary"]
[Date "2024.09.21"]
[Round "10"]
[White "Duran Vega, Sergio"]
[Black "Ferreira, Jorge Viterbo"]
[Result "1-0"]
[Board "129"]
[WhiteFideId "6501311"]
[BlackFideId "1910850"]
[WhiteTitle "IM"]
[BlackTitle "GM"]
[WhiteElo "2308"]
[BlackElo "2535"]
[WhiteTeam "Costa Rica"]
[BlackTeam "Portugal"]
[WhiteClock "0:20:31"]
[BlackClock "0:29:13"]
[Variant "Standard"]

1. d4 {[%clk 1:30:58]}  Nf6 {[%clk 1:30:52]} 2. c4 {[%clk 1:31:26]}  e6 {[%clk 1:31:12]} 3. g3 {[%clk 1:31:55]}  Bb4+ {[%clk 1:31:30]} 4. Bd2 {[%clk 1:32:20]}  Qe7 {[%clk 1:31:48]} 5. Bg2 {[%clk 1:32:46]}  Nc6 {[%clk 1:32:05]} 6. e3 {[%clk 1:33:15]}  e5 {[%clk 1:32:15]} 7. d5 {[%clk 1:33:16]}  Bxd2+ {[%clk 1:32:31]} 8. Qxd2 {[%clk 1:33:03]}  Nb8 {[%clk 1:32:49]} 9. Nc3 {[%clk 1:30:08]}  d6 {[%clk 1:32:05]} 10. Nge2 {[%clk 1:29:46]}  a5 {[%clk 1:31:10]} 11. b3 {[%clk 1:27:08]}  Na6 {[%clk 1:27:37]} 12. O-O {[%clk 1:27:36]}  Nc5 {[%clk 1:23:40]} 13. Qb2 {[%clk 1:13:51]}  h5 {[%clk 1:16:41]} 14. h4 {[%clk 1:03:37]}  g5 {[%clk 1:04:42]} 15. hxg5 {[%clk 1:03:59]}  Ng4 {[%clk 1:04:48]} 16. e4 {[%clk 1:04:15]}  Qxg5 {[%clk 1:03:16]} 17. Qc1 {[%clk 1:02:02]}  Qg7 {[%clk 0:57:52]} 18. f3 {[%clk 1:00:44]}  Nh6 {[%clk 0:49:45]} 19. Kh2 {[%clk 0:37:23]}  f5 {[%clk 0:41:08]} 20. exf5 {[%clk 0:37:46]}  Bxf5 {[%clk 0:36:13]} 21. Rh1 {[%clk 0:30:47]}  h4 {[%clk 0:26:40]} 22. g4 {[%clk 0:24:00]}  Bxg4 {[%clk 0:14:59]} 23. fxg4 {[%clk 0:23:08]}  Nxg4+ {[%clk 0:15:07]} 24. Kg1 {[%clk 0:22:02]}  h3 {[%clk 0:11:14]} 25. Rxh3 {[%clk 0:16:48]}  Rxh3 {[%clk 0:08:13]} 26. Bxh3 {[%clk 0:17:14]}  O-O-O {[%clk 0:03:07]} 27. Qe3 {[%clk 0:16:19]}  Kb8 {[%clk 0:02:26]} 28. Qg3 {[%clk 0:15:39]}  Rg8 {[%clk 0:02:09]} 29. Bxg4 {[%clk 0:13:59]}  Qxg4 {[%clk 0:01:49]} 30. Qxg4 {[%clk 0:14:09]}  Rxg4+ {[%clk 0:02:14]} 31. Kf2 {[%clk 0:14:11]}  a4 {[%clk 0:02:38]} 32. Kf3 {[%clk 0:12:31]}  Rh4 {[%clk 0:02:28]} 33. Kg3 {[%clk 0:12:45]}  Rh8 {[%clk 0:02:13]} 34. Nxa4 {[%clk 0:10:43]}  Nxa4 {[%clk 0:02:28]} 35. bxa4 {[%clk 0:11:10]}  c6 {[%clk 0:02:51]} 36. Nc3 {[%clk 0:07:51]}  Kc7 {[%clk 0:03:04]} 37. Rf1 {[%clk 0:07:42]}  Rg8+ {[%clk 0:01:38]} 38. Kf3 {[%clk 0:08:08]}  Kb6 {[%clk 0:01:55]} 39. Ne4 {[%clk 0:06:10]}  Ra8 {[%clk 0:01:56]} 40. c5+ {[%clk 0:03:07]}  Ka6 {[%clk 0:02:06]} 41. Rb1 {[%clk 0:01:25]}  cxd5 {[%clk 0:29:07]} 42. Nxd6 {[%clk 0:28:24]}  Rb8 {[%clk 0:26:44]} 43. Rb6+ {[%clk 0:27:03]}  Ka7 {[%clk 0:26:36]} 44. Nb5+ {[%clk 0:27:07]}  Ka8 {[%clk 0:27:02]} 45. Nc7+ {[%clk 0:27:30]}  Ka7 {[%clk 0:27:28]} 46. Nxd5 {[%clk 0:27:53]}  Rh8 {[%clk 0:27:34]} 47. Nb4 {[%clk 0:26:19]}  Rh4 {[%clk 0:27:16]} 48. a5 {[%clk 0:25:51]}  Ka8 {[%clk 0:27:18]} 49. c6 {[%clk 0:19:19]}  bxc6 {[%clk 0:27:33]} 50. Nxc6 {[%clk 0:19:37]}  e4+ {[%clk 0:27:51]} 51. Kg3 {[%clk 0:19:27]}  Rh8 {[%clk 0:28:14]} 52. a6 {[%clk 0:19:44]}  Rg8+ {[%clk 0:28:35]} 53. Kf4 {[%clk 0:20:01]}  Rf8+ {[%clk 0:29:00]} 54. Ke5 {[%clk 0:20:12]}  e3 {[%clk 0:29:13]} 55. a7 {[%clk 0:20:31]} 1-0

[Event "45th FIDE Chess Olympiad Open"]
[Site "Budapest, Hungary"]
[Date "2024.09.21"]
[Round "10"]
[White "Pereira, Ruben"]
[Black "Jimenez Garcia, Emmanuel"]
[Result "1-0"]
[Board "130"]
[WhiteFideId "1903063"]
[BlackFideId "6504779"]
[WhiteTitle "IM"]
[BlackTitle "IM"]
[WhiteElo "2457"]
[BlackElo "2352"]
[WhiteTeam "Portugal"]
[BlackTeam "Costa Rica"]
[WhiteClock "0:18:43"]
[BlackClock "0:17:10"]
[Variant "Standard"]

1. e4 {[%clk 1:30:58]}  d6 {[%clk 1:30:53]} 2. d4 {[%clk 1:31:12]}  Nf6 {[%clk 1:31:16]} 3. Nc3 {[%clk 1:31:31]}  e5 {[%clk 1:31:41]} 4. Nf3 {[%clk 1:31:34]}  Nbd7 {[%clk 1:32:06]} 5. Rg1 {[%clk 1:31:15]}  g6 {[%clk 1:32:29]} 6. g4 {[%clk 1:31:27]}  exd4 {[%clk 1:32:52]} 7. Nxd4 {[%clk 1:31:25]}  Bg7 {[%clk 1:33:15]} 8. Be3 {[%clk 1:28:19]}  h5 {[%clk 1:30:46]} 9. gxh5 {[%clk 1:25:34]}  Rxh5 {[%clk 1:29:10]} 10. Qd2 {[%clk 1:16:07]}  Nc5 {[%clk 1:28:35]} 11. f3 {[%clk 1:14:01]}  d5 {[%clk 1:06:34]} 12. O-O-O {[%clk 0:51:47]}  dxe4 {[%clk 1:06:14]} 13. Rg5 {[%clk 0:43:36]}  Rxg5 {[%clk 0:55:30]} 14. Bxg5 {[%clk 0:43:59]}  Ne6 {[%clk 0:55:54]} 15. Qe3 {[%clk 0:22:14]}  Nxg5 {[%clk 0:42:52]} 16. Nc6 {[%clk 0:21:09]}  Qxd1+ {[%clk 0:43:15]} 17. Kxd1 {[%clk 0:21:26]}  bxc6 {[%clk 0:39:59]} 18. Qxg5 {[%clk 0:21:42]}  exf3 {[%clk 0:40:23]} 19. Qc5 {[%clk 0:09:59]}  Bd7 {[%clk 0:39:49]} 20. h3 {[%clk 0:10:23]}  Rd8 {[%clk 0:38:11]} 21. Ke1 {[%clk 0:10:33]}  Bf5 {[%clk 0:36:15]} 22. Qxc6+ {[%clk 0:09:44]}  Kf8 {[%clk 0:36:44]} 23. Qxf3 {[%clk 0:08:31]}  Bxc2 {[%clk 0:37:03]} 24. Qc6 {[%clk 0:08:25]}  Ne4 {[%clk 0:34:39]} 25. Nxe4 {[%clk 0:07:07]}  Bxe4 {[%clk 0:34:41]} 26. Qxc7 {[%clk 0:05:57]}  Re8 {[%clk 0:34:14]} 27. Bc4 {[%clk 0:05:36]}  Bf5+ {[%clk 0:29:32]} 28. Kd1 {[%clk 0:05:17]}  Re7 {[%clk 0:29:58]} 29. Qb8+ {[%clk 0:05:21]}  Re8 {[%clk 0:30:13]} 30. Qxa7 {[%clk 0:05:28]}  Rd8+ {[%clk 0:30:34]} 31. Ke2 {[%clk 0:05:32]}  Rd7 {[%clk 0:30:59]} 32. Qb8+ {[%clk 0:05:48]}  Ke7 {[%clk 0:31:24]} 33. a4 {[%clk 0:04:41]}  Bxh3 {[%clk 0:31:24]} 34. Qb4+ {[%clk 0:04:53]}  Rd6 {[%clk 0:29:52]} 35. Bxf7 {[%clk 0:04:18]}  Bxb2 {[%clk 0:28:25]} 36. Bxg6 {[%clk 0:03:35]}  Bd4 {[%clk 0:27:39]} 37. Qb7+ {[%clk 0:03:10]}  Bd7 {[%clk 0:24:44]} 38. Bf5 {[%clk 0:02:19]}  Kd8 {[%clk 0:21:35]} 39. Be4 {[%clk 0:02:07]}  Bg4+ {[%clk 0:18:55]} 40. Kd3 {[%clk 0:01:54]}  Bc8 {[%clk 0:19:05]} 41. Qa8 {[%clk 0:00:54]}  Kc7 {[%clk 0:17:06]} 42. Kc2 {[%clk 0:27:50]}  Bc5 {[%clk 0:30:23]} 43. Qa5+ {[%clk 0:27:47]}  Bb6 {[%clk 0:30:47]} 44. Qe5 {[%clk 0:27:31]}  Bd4 {[%clk 0:29:38]} 45. Qf4 {[%clk 0:27:35]}  Bb6 {[%clk 0:26:20]} 46. Bd5 {[%clk 0:24:46]}  Bd7 {[%clk 0:26:28]} 47. Kb3 {[%clk 0:24:40]}  Bc6 {[%clk 0:26:19]} 48. Bc4 {[%clk 0:24:14]}  Bd4 {[%clk 0:22:07]} 49. Kb4 {[%clk 0:24:19]}  Bf6 {[%clk 0:22:26]} 50. a5 {[%clk 0:23:47]}  Be7 {[%clk 0:22:46]} 51. Qe5 {[%clk 0:21:38]}  Kd8 {[%clk 0:23:04]} 52. Kb3 {[%clk 0:21:31]}  Bb7 {[%clk 0:23:08]} 53. a6 {[%clk 0:18:42]}  Rb6+ {[%clk 0:23:02]} 54. Kc2 {[%clk 0:18:35]}  Bc6 {[%clk 0:17:10]} 55. a7 {[%clk 0:18:43]} 1-0